LEADER 01109nam0-22003371i-450- 001 990005675480403321 005 20070321094726.0 035 $a000567548 035 $aFED01000567548 035 $a(Aleph)000567548FED01 035 $a000567548 100 $a19990604d1985----km-y0itay50------ba 101 0 $aita 105 $ayf--r---00--- 200 1 $aRoma$eStudio per la sistemazione dell'area archeologica centrale$fa cura di Leonardo Benevolo$gscritti di L. Benevolo ... [et al.] 210 $aRoma$cDe Luca Editore$d1985 215 $a116 p., 2 tav. rip.$cill.$d30 cm 225 1 $aLavori e Studi di Archeologia$v7 300 $aIn testa al front.: Soprintendenza archeologica di Roma 610 0 $aRoma$aZona archeologica$aSistemazione urbanistica 676 $a711.40945632$v21$zita 700 1$aBenevolo,$bLeonardo$f<1923- >$0157 801 0$aIT$bUNINA$gRICA$2UNIMARC 901 $aBK 912 $a990005675480403321 952 $a711.4 BEN 3$bDIP.DISC.ST. 2968$fFLFBC 952 $aCI.02.162$b4959$fDARST 959 $aDARST 959 $aFLFBC 996 $aRoma$9601141 997 $aUNINA LEADER 01400nam0-2200409---450- 001 990001385140203316 005 20040202121501.0 010 $a88-13-24892-X 020 $aIT 035 $a000138514 035 $aUSA01000138514 035 $a(ALEPH)000138514USA01 035 $a000138514 100 $a20040202d2003----y0itay01 ba 101 0 $aita 102 $aIT 105 $a||||||||00y00 200 1 $aCommentario breve al nuovo codice di procedura penale$ecomplemento giurisprudenziale$eappendice di aggiornamento (ottobre 2003)$fGiovanni Conso, Vittorio Grevi$ga cura di Vittorio Grevi$e4. ed.$ga cura di Vittorio Grevi 210 $aPadova$cCEDAM$d2003 215 $a260 p.$d22 cm 225 2 $aBreviaria iuris$v6 410 0$a12001$aBreviaria Iuris$12001 606 $aCodice di procedura penale 676 $a345.450502648 700 1$aCONSO,$bGiovanni$0149594 701 1$aGREVI,$bVittorio$0222797 801 0$aIT$bBNI$c19990921$gRICA 912 $a990001385140203316 951 $aColl. EQY/7 COMPL. B APP. 2003$b38275 G.$cColl. EQY/7$d00092459 959 $aBK 969 $aGIU 979 $aPAOLA$b90$c20040202$lUSA01$h1213 979 $aPAOLA$b90$c20040202$lUSA01$h1215 979 $aPATRY$b90$c20040406$lUSA01$h1738 979 $aFIORELLA$b90$c20100603$lUSA01$h1405 996 $aCommentario breve al nuovo codice di procedura penale$9640940 997 $aUNISA LEADER 01425nam a22003013i 4500 001 991000641549707536 005 20040118224223.0 008 040220s1986 it |||||||||||||||||ita 020 $a8822102878 035 $ab12648516-39ule_inst 035 $aARCHE-064686$9ExL 040 $aDip.to Scienze pedagogiche$bita$cA.t.i. Arché s.c.r.l. Pandora Sicilia s.r.l. 082 04$a372.8904 245 00$aTempo, memoria, identità :$borientamenti per la formazione storica di base /$craccolti e proposti dal Gruppo nazionale di antropologia culturale MCE ; a cura di Paola Falteri e Giovanna Lazzarin 260 $aScandicci :$bLa nuova Italia,$c1986 300 $aVII, 224 p. ;$c21 cm 440 0$aDidattica viva.105.$nNuova serie,$pQuaderni di Cooperazione educativa ;$v7 650 4$aStoria$xInsegnamento$xScuola elementare 700 1 $aFalteri, Paola 700 1 $aLazzarin, Giovanna 710 2 $aMovimento di cooperazione educativa.$bGruppo nazionale di antropologia culturale 907 $a.b12648516$b02-04-14$c17-03-04 912 $a991000641549707536 945 $aLE005 MF 17 G 38$g1$i2005000233432$lle005$o-$pE0.00$q-$rl$s- $t0$u0$v0$w0$x0$y.i15194851$z10-11-10 945 $aLE022 MP 65 F 19$g1$i2022000030861$lle022$o-$pE0.00$q-$rl$s- $t0$u0$v0$w0$x0$y.i13153870$z17-03-04 996 $aTempo, memoria, identità$9273325 997 $aUNISALENTO 998 $ale005$ale022$b17-03-04$cm$da $e-$fita$git $h0$i2